00490nam a2200193 a 4500001001300000003000900013005001700022008004100039020002300080082002000103100002000123245001200143260004100155300000900196500003500205650002400240650001200264700002000276nice12345678IN_TiNIC20260116014046.0081106s2005 lona grp 000 0 eng  a0747576262 c78200a305.480297bABO aAboulela, Leila aMinaret aLondonbBloomsbury Publishing c2005 a276p aincludes index and biblioraphy aMuslim Women-Europe aFiction1 aAboulela, Leila